Nea Nikomedeia : the excavation of an early neolithic village in northern Greece, 1961-1964, directed by R.J. Rodden /

Bibliographic Details
Other Authors: Pyke, Gillian, Yiouni, Paraskevi, Wardle, K. A., Rodden, R. J.
Format: Book
Language:English
Published: London : The British School at Athens, 1996.
Series:Supplementary volume (British School at Athens) ; no. 25, etc.
Subjects:

MARC

Tag First Indicator Second Indicator Subfields
LEADER 00000cam a2200000 a 4500
001 in00001337814
005 20151005094515.0
008 960517s1996 enkabf b 000 0 eng d
020 |a 0904887197 
035 |a (OCoLC)34749512 
035 |9 AHE7346AM 
040 |a CIN  |c CIN  |d TXA  |d UtOrBLW 
041 0 |a eng  |b gre 
049 |a TXAM 
090 |a DF221.N43  |b N4 1996 
245 0 0 |a Nea Nikomedeia :  |b the excavation of an early neolithic village in northern Greece, 1961-1964, directed by R.J. Rodden /  |c edited by K.A. Wardle. 
264 1 |a London :  |b The British School at Athens,  |c 1996. 
300 |a volumes :  |b illustrations, maps, plates ;  |c 26 cm. 
336 |a text  |b txt  |2 rdacontent 
337 |a unmediated  |b n  |2 rdamedia 
338 |a volume  |b nc  |2 rdacarrier 
490 1 |a Supplementary volume / The British School at Athens ;  |v no. 25 
504 |a Includes bibliographical references. 
505 1 |a I. The Excavation and the ceramic assemblage / Gillian Pyke and Paraskevi Yiouni. 
536 |a From the Library of George F. Bass. 
650 0 |a Excavations (Archaeology)  |z Greece  |z Nea Nikomedeia (Extinct city) 
651 0 |a Nea Nikomedeia (Extinct city) 
650 0 |a Neolithic period  |z Greece. 
651 0 |a Greece  |x Antiquities. 
700 1 |a Pyke, Gillian. 
700 1 |a Yiouni, Paraskevi. 
700 1 |a Wardle, K. A. 
700 1 |a Rodden, R. J. 
830 0 |a Supplementary volume (British School at Athens) ;  |v no. 25, etc. 
999 |a MARS 
999 f f |s 9443ee46-eda8-3948-831d-12d6e5b60f57  |i 9a668a52-f5a0-3249-953d-e2802926bc2a  |t 0 
952 f f |p noncirc  |a Texas A&M University  |b College Station  |c Sterling C. Evans Library  |s Evans bodr  |d Bodrum (located in Turkey)  |t 0  |e DF221.N43 N4 1996  |h Library of Congress classification  |i unmediated -- volume  |k 1 
998 f f |a DF221.N43 N4 1996  |t 0  |l Bodrum (located in Turkey)